[Event "LSS No Engine Cup 130 Preliminary 0"]
[Site "LSS email"]
[Date "2015.05.02"]
[Round "?"]
[White "Liles, Chris"]
[Black "Bidgood, Lee"]
[Result "1-0"]
[WhiteElo "1600"]
[BlackElo "1274"]
[PlyCount "27"]
[EventDate "2015.05.03"]
[EventType "tourn (corr)"]
[EventRounds "6"]
[EventCountry "GER"]
[SourceTitle "Corr 2022"]
[Source "ChessBase"]
[SourceDate "2021.10.24"]
[SourceVersion "1"]
[SourceVersionDate "2021.10.24"]
[SourceQuality "1"]

1. d4 d5 2. Nf3 Nc6 3. e3 Nf6 4. Bd3 Bg4 5. Nbd2 e5 6. dxe5 Nd7 7. e6 Bxe6 8. 0-0 Bd6 9. Re1 0-0 10. e4 Nde5 11. Nxe5 Bxe5 12. Nf3 Bg4 13. h3 Be6 14. a3 1-0

[Event "RF-2015-0-00233"]
[Site "LSS email"]
[Date "2015.04.28"]
[Round "?"]
[White "Bidgood, Lee"]
[Black "Slavin, Pablo"]
[Result "0-1"]
[WhiteElo "1163"]
[BlackElo "1134"]
[PlyCount "36"]
[EventDate "2015.03.22"]
[EventType "tourn (corr)"]
[EventRounds "6"]
[EventCountry "GER"]
[SourceTitle "Corr 2022"]
[Source "ChessBase"]
[SourceDate "2021.10.24"]
[SourceVersion "1"]
[SourceVersionDate "2021.10.24"]
[SourceQuality "1"]

1. e4 c5 2. Nf3 d6 3. d4 cxd4 4. Nxd4 Nf6 5. Nc3 a6 6. Bc4 e6 7. 0-0 Be7 8. Be3 b5 9. Bd3 Bb7 10. Qd2 Ng4 11. a4 Nxe3 12. fxe3 b4 13. Nce2 a5 14. Nf4 e5 15. Nh5 exd4 16. exd4 Bg5 17. Qf2 0-0 18. Bb5 Bxe4 0-1

[Event "IECC CL0-2015.00 email"]
[Site "IECC email"]
[Date "2015.04.23"]
[Round "?"]
[White "Bidgood, Lee"]
[Black "Reinecke, Juergen"]
[Result "0-1"]
[WhiteElo "1163"]
[BlackElo "1440"]
[PlyCount "46"]
[EventDate "2015.03.30"]
[EventType "tourn (corr)"]
[EventRounds "4"]
[SourceTitle "Corr 2022"]
[Source "ChessBase"]
[SourceDate "2021.10.24"]
[SourceVersion "1"]
[SourceVersionDate "2021.10.24"]
[SourceQuality "1"]

1. e4 e5 2. Nf3 Nc6 3. Nc3 Nf6 4. Be2 Bc5 5. 0-0 0-0 6. b3 d6 7. Bb2 a6 8. a3 Nd4 9. Bc4 Bg4 10. Be2 Nxe2+ 11. Qxe2 Re8 12. h3 Bd7 13. Nd5 c6 14. Nxf6+ Qxf6 15. d3 Bb6 16. Rfd1 Bc7 17. c4 Rad8 18. Bc1 h6 19. Be3 Be6 20. d4 exd4 21. Nxd4 Bc8 22. Rac1 Qg6 23. f3 Bxh3 0-1

[Event "ZL-2015-0-01642"]
[Site "LSS email"]
[Date "2015.04.23"]
[Round "?"]
[White "Bidgood, Lee"]
[Black "Shim Ng Min, Francis"]
[Result "0-1"]
[WhiteElo "1163"]
[BlackElo "1258"]
[PlyCount "68"]
[EventDate "2015.04.11"]
[EventType "match (corr)"]
[EventRounds "2"]
[EventCountry "GER"]
[SourceTitle "Corr 2022"]
[Source "ChessBase"]
[SourceDate "2021.10.24"]
[SourceVersion "1"]
[SourceVersionDate "2021.10.24"]
[SourceQuality "1"]

1. d4 Nf6 2. c4 e6 3. Nd2 d5 4. c5 a5 5. Ngf3 Be7 6. e3 0-0 7. Bd3 b6 8. 0-0 bxc5 9. dxc5 Bxc5 10. Ne5 Nbd7 11. Qc2 Nxe5 12. b3 Nxd3 13. Qxd3 Ba6 14. Nc4 dxc4 15. Qxd8 Rfxd8 16. Bb2 c3 17. Bxc3 Bxf1 18. Kxf1 Ne4 19. Be1 Bb4 20. f3 Bxe1 21. Kxe1 Nf6 22. Rc1 Rd7 23. e4 Rad8 24. g4 Ne8 25. Rc2 Rd1+ 26. Ke2 Rh1 27. Ke3 e5 28. a3 Rdd1 29. Rc5 f6 30. g5 Rxh2 31. gxf6 gxf6 32. Rxa5 Rb1 33. Rb5 Rhb2 34. Ra5 Rxb3+ 0-1

[Event "ZL-2015-0-01642"]
[Site "LSS email"]
[Date "2015.04.23"]
[Round "?"]
[White "Shim Ng Min, Francis"]
[Black "Bidgood, Lee"]
[Result "1-0"]
[WhiteElo "1258"]
[BlackElo "1163"]
[PlyCount "73"]
[EventDate "2015.04.11"]
[EventType "match (corr)"]
[EventRounds "2"]
[EventCountry "GER"]
[SourceTitle "Corr 2022"]
[Source "ChessBase"]
[SourceDate "2021.10.24"]
[SourceVersion "1"]
[SourceVersionDate "2021.10.24"]
[SourceQuality "1"]

1. e4 e5 2. Nf3 Nf6 3. d4 Nc6 4. dxe5 Nxe4 5. Bc4 Bc5 6. Qd5 Qe7 7. Qxe4 0-0 8. 0-0 g6 9. Nc3 a6 10. Nd5 Qd8 11. Bg5 Be7 12. Nxe7+ Nxe7 13. Qh4 Nf5 14. Bxd8 Nxh4 15. Bxh4 b5 16. Bd5 c6 17. Be4 d5 18. exd6 Rb8 19. Be7 c5 20. Bxf8 Kxf8 21. Bc6 Be6 22. Ng5 Bf5 23. c3 h6 24. Nf3 b4 25. cxb4 cxb4 26. Rfe1 Rd8 27. d7 Bxd7 28. Rad1 Bxc6 29. Rxd8+ Kg7 30. Ne5 Bb5 31. Rb8 g5 32. Rxb5 axb5 33. Nc6 b3 34. a3 f5 35. Nd4 f4 36. f3 h5 37. Nxb5 1-0

[Event "IECC CL0-2015.00 email"]
[Site "IECC email"]
[Date "2015.04.22"]
[Round "?"]
[White "Bidgood, Lee"]
[Black "Shim Ng Min, Francis"]
[Result "0-1"]
[WhiteElo "1163"]
[BlackElo "1201"]
[PlyCount "26"]
[EventDate "2015.03.30"]
[EventType "tourn (corr)"]
[EventRounds "4"]
[SourceTitle "Corr 2022"]
[Source "ChessBase"]
[SourceDate "2021.10.24"]
[SourceVersion "1"]
[SourceVersionDate "2021.10.24"]
[SourceQuality "1"]

1. e4 c5 2. Nf3 d6 3. d4 cxd4 4. Nxd4 Nf6 5. Nc3 a6 6. Bd3 e5 7. Nf3 Nc6 8. 0-0 Be7 9. Nd5 Nxd5 10. exd5 Nb8 11. Be3 0-0 12. Be4 f5 13. Bd3 e4 0-1

[Event "IECC CL0-2015.00 email"]
[Site "IECC email"]
[Date "2015.04.22"]
[Round "?"]
[White "Couspeyre, Thierry"]
[Black "Bidgood, Lee"]
[Result "1-0"]
[WhiteElo "1188"]
[BlackElo "1163"]
[PlyCount "77"]
[EventDate "2015.03.30"]
[EventType "tourn (corr)"]
[EventRounds "4"]
[SourceTitle "Corr 2022"]
[Source "ChessBase"]
[SourceDate "2021.10.24"]
[SourceVersion "1"]
[SourceVersionDate "2021.10.24"]
[SourceQuality "1"]

1. e4 e5 2. Nf3 Nc6 3. Bb5 a6 4. Ba4 Nf6 5. 0-0 d5 6. Nxe5 Bd7 7. Nxc6 Bxc6 8. Bxc6+ bxc6 9. exd5 cxd5 10. Re1+ Be7 11. Qe2 0-0 12. Qxe7 Qxe7 13. Rxe7 Rae8 14. Rxe8 Rxe8 15. Kf1 Ng4 16. f3 Ne5 17. d3 Nc6 18. Bf4 Nb4 19. Na3 Rc8 20. Re1 Kf8 21. Bd2 Rb8 22. Bxb4+ Rxb4 23. b3 Rb6 24. c4 Rd6 25. c5 Rh6 26. Nc2 Rxh2 27. Nb4 Rh6 28. Nxd5 c6 29. Nc7 f5 30. Nxa6 Kf7 31. a4 g5 32. a5 g4 33. Nc7 Rh1+ 34. Ke2 gxf3+ 35. gxf3 Rh2+ 36. Kd1 Ra2 37. a6 h5 38. Re2 h4 39. Rxa2 1-0

[Event "ZL-2014-0-01414"]
[Site "LSS email"]
[Date "2014.02.22"]
[Round "?"]
[White "Bidgood, Lee"]
[Black "Zabransky, Frantisek"]
[Result "0-1"]
[WhiteElo "1075"]
[BlackElo "1587"]
[PlyCount "52"]
[EventDate "2014.02.10"]
[EventType "match (corr)"]
[EventRounds "2"]
[EventCountry "GER"]
[SourceTitle "Telechess CBM 167"]
[Source "ChessBase"]
[SourceDate "2015.07.13"]
[SourceVersion "1"]
[SourceVersionDate "2015.07.13"]
[SourceQuality "1"]

1. e4 e5 2. Nf3 Nc6 3. Bb5 f5 4. d3 Nf6 5. 0-0 fxe4 6. dxe4 Bc5 7. Nc3 d6 8. Qe2 0-0 9. Bg5 h6 10. Qc4+ Kh7 11. Bxc6 bxc6 12. b4 Bb6 13. Qxc6 Bd7 14. Qc4 hxg5 15. Nxg5+ Kg6 16. Nf3 Bg4 17. Qd3 Nh5 18. Nd5 Bxf3 19. gxf3 c6 20. Ne3 Nf4 21. Qd1 Rh8 22. Ng4 Rxh2 23. Nxh2 Qg5+ 24. Ng4 Qh4 25. Qxd6+ Kh7 26. Qxe5 Qg3+ 0-1

[Event "OP-2011-0-01473"]
[Site "LSS email"]
[Date "2011.04.02"]
[Round "?"]
[White "Bidgood, Lee"]
[Black "Lizorkina, Veronika"]
[Result "0-1"]
[WhiteElo "1173"]
[BlackElo "1813"]
[PlyCount "24"]
[EventDate "2011.03.29"]
[EventType "tourn (corr)"]
[EventRounds "4"]
[EventCountry "GER"]
[SourceTitle "Corr 2013"]
[Source "ChessBase"]
[SourceDate "2012.11.12"]
[SourceVersion "1"]
[SourceVersionDate "2012.11.12"]
[SourceQuality "1"]

1. c4 e5 2. Nc3 Nf6 3. e3 Bb4 4. a3 Bxc3 5. bxc3 0-0 6. d4 e4 7. c5 b6 8. Bc4 bxc5 9. f3 d5 10. Bb3 exf3 11. Nxf3 Ba6 12. dxc5 Nbd7 0-1

[Event "OP-2011-0-01465"]
[Site "LSS email"]
[Date "2011.03.27"]
[Round "?"]
[White "Bidgood, Lee"]
[Black "Bozic, Deni"]
[Result "0-1"]
[WhiteElo "1173"]
[BlackElo "876"]
[PlyCount "81"]
[EventDate "2011.03.24"]
[EventType "tourn (corr)"]
[EventRounds "4"]
[EventCountry "GER"]
[SourceTitle "Telechess CBM 147"]
[Source "ChessBase"]
[SourceDate "2012.03.16"]
[SourceVersion "1"]
[SourceVersionDate "2012.03.16"]
[SourceQuality "1"]

1. e4 c5 2. Nc3 Nc6 3. Nf3 e6 4. Bc4 g6 5. 0-0 Bg7 6. b3 Nge7 7. Bb2 0-0 8. Nb5 Bxb2 9. Rb1 Bg7 10. Nd6 a6 11. a4 Qc7 12. Nxc8 Qxc8 13. b4 cxb4 14. c3 d5 15. Bd3 bxc3 16. dxc3 Bxc3 17. Qb3 Na5 18. Qa3 dxe4 19. Bxe4 Nd5 20. Bxd5 exd5 21. Rfc1 Nc4 22. Qxc3 Qd7 23. Rd1 b5 24. axb5 axb5 25. Qf6 Rab8 26. Nd4 Rb6 27. Qf3 b4 28. Nc2 b3 29. Rxb3 Rxb3 30. Qxb3 Rd8 31. Ne3 Nxe3 32. fxe3 f5 33. Qb4 Qe6 34. Qd4 g5 35. Rb1 Qe4 36. Qxe4 fxe4 37. Rb7 d4 38. exd4 Rxd4 39. Re7 Kf8 40. Rxh7 e3 41. Kf1 0-1

[Event "LSS No Engine Cup Gr07 prel 06 email"]
[Site "LSS email"]
[Date "2009.09.24"]
[Round "?"]
[White "Rusin, Evgenij"]
[Black "Bidgood, Lee"]
[Result "1-0"]
[WhiteElo "1850"]
[BlackElo "1201"]
[PlyCount "53"]
[EventDate "2009.09.25"]
[EventType "tourn (corr)"]
[EventRounds "6"]
[EventCountry "GER"]
[SourceTitle "Telechess CBM 137"]
[Source "ChessBase"]
[SourceDate "2010.07.15"]
[SourceVersion "1"]
[SourceVersionDate "2010.07.15"]
[SourceQuality "1"]

1. e4 c5 2. c3 Nc6 3. d4 d6 4. d5 Ne5 5. f4 Ng6 6. Nf3 Nf6 7. Bd3 e6 8. c4 Be7 9. 0-0 0-0 10. Nc3 a6 11. dxe6 fxe6 12. e5 Ng4 13. Bxg6 hxg6 14. Qd3 g5 15. Ne4 gxf4 16. exd6 Bf6 17. Bxf4 Bxb2 18. Rab1 Bd4+ 19. Nxd4 cxd4 20. Qxd4 Rf5 21. h3 Nf6 22. g4 Ra5 23. Bg5 e5 24. Qd3 Be6 25. Nxf6+ gxf6 26. Qg6+ Kh8 27. Bxf6+ 1-0

[Event "LSS ZL-2009-0-00578"]
[Site "LSS email"]
[Date "2009.09.07"]
[Round "?"]
[White "Bidgood, Lee"]
[Black "Molano Lafuente, Ismael"]
[Result "0-1"]
[WhiteElo "1235"]
[BlackElo "1232"]
[PlyCount "92"]
[EventDate "2009.08.29"]
[EventType "match (corr)"]
[EventRounds "2"]
[EventCountry "GER"]
[SourceTitle "Telechess CBM 137"]
[Source "ChessBase"]
[SourceDate "2010.07.15"]
[SourceVersion "1"]
[SourceVersionDate "2010.07.15"]
[SourceQuality "1"]

1. e4 c6 2. d4 g6 3. Nc3 Bg7 4. Nf3 d5 5. exd5 cxd5 6. Bd3 Nc6 7. 0-0 Bg4 8. Bf4 Nxd4 9. Bb5+ Nxb5 10. Nxb5 Rc8 11. c3 a6 12. Nbd4 Nf6 13. Re1 0-0 14. Qd2 Ne4 15. Qe3 f6 16. h3 Bd7 17. Nb3 e5 18. Bh6 Bxh6 19. Qxh6 Qb6 20. Qe3 Qxe3 21. Rxe3 Kf7 22. Rd1 Ke6 23. Red3 Bb5 24. Rxd5 Be2 25. Re1 Kxd5 26. Rxe2 b6 27. Re1 Nc5 28. Rd1+ Ke6 29. Nxc5+ Rxc5 30. g4 Ra5 31. a3 Rd5 32. Re1 Rfd8 33. Kg2 Rd1 34. Kg3 Rxe1 35. Nxe1 Rd2 36. b4 Rd1 37. Ng2 Rd3+ 38. f3 Rxc3 39. a4 e4 40. Ne1 Kd5 41. Kf2 f5 42. gxf5 gxf5 43. fxe4+ fxe4 44. a5 bxa5 45. bxa5 Rxh3 46. Kf1 Rh1+ 0-1

[Event "LSS OP-2008-0-00665"]
[Site "LSS email"]
[Date "2008.10.28"]
[Round "?"]
[White "Bidgood, Lee"]
[Black "Raines, David T"]
[Result "0-1"]
[WhiteElo "1220"]
[BlackElo "1063"]
[PlyCount "42"]
[EventDate "2008.10.25"]
[EventType "tourn (corr)"]
[EventRounds "4"]
[EventCountry "GER"]
[SourceTitle "Corr 2013"]
[Source "ChessBase"]
[SourceDate "2012.11.12"]
[SourceVersion "1"]
[SourceVersionDate "2012.11.12"]
[SourceQuality "1"]

1. e4 c5 2. Nf3 Nc6 3. Nc3 e6 4. Bc4 a6 5. a4 d6 6. 0-0 Nf6 7. d4 cxd4 8. Nxd4 Be7 9. Re1 0-0 10. Nxc6 bxc6 11. Bf4 a5 12. Qf3 Qb6 13. b3 Ba6 14. Bxa6 Qxa6 15. e5 dxe5 16. Bxe5 Nd5 17. Qg3 Bf6 18. Nxd5 Bxe5 19. Ne7+ Kh8 20. Rxe5 Qb7 21. Qh4 Ra7 0-1

[Event "LSS RE-2008-0-00010"]
[Site "LSS email"]
[Date "2008.09.05"]
[Round "?"]
[White "Bidgood, Lee"]
[Black "Feng, Jason"]
[Result "0-1"]
[WhiteElo "1220"]
[BlackElo "885"]
[PlyCount "64"]
[EventDate "2008.08.25"]
[EventType "tourn (corr)"]
[EventRounds "6"]
[EventCountry "GER"]
[SourceTitle "Corr 2013"]
[Source "ChessBase"]
[SourceDate "2012.11.12"]
[SourceVersion "1"]
[SourceVersionDate "2012.11.12"]
[SourceQuality "1"]

1. e4 e5 2. f4 Nc6 3. Nf3 f5 4. Nc3 fxe4 5. Nxe5 Nxe5 6. fxe5 Qh4+ 7. g3 Qe7 8. Nxe4 Qxe5 9. Qe2 Be7 10. Bg2 d5 11. Nc3 Qxe2+ 12. Nxe2 c6 13. d4 Nf6 14. Rf1 0-0 15. Bf4 Bg4 16. Bf3 Bxf3 17. Rxf3 Ne4 18. 0-0-0 g5 19. Be5 Rxf3 20. h4 Raf8 21. c3 Rf1 22. Rxf1 Rxf1+ 23. Kc2 gxh4 24. gxh4 Bxh4 25. Kb3 Nd2+ 26. Kc2 Nc4 27. b3 Nxe5 28. dxe5 Rf2 29. Kd3 Rxe2 30. Kxe2 Kf7 31. c4 dxc4 32. bxc4 Bg3 0-1

[Event "LSS RE-2008-0-00010"]
[Site "LSS email"]
[Date "2008.09.05"]
[Round "?"]
[White "MacDonald, Murdo"]
[Black "Bidgood, Lee"]
[Result "0-1"]
[WhiteElo "1316"]
[BlackElo "1312"]
[PlyCount "52"]
[EventDate "2008.08.25"]
[EventType "tourn (corr)"]
[EventRounds "6"]
[EventCountry "GER"]
[SourceTitle "Corr 2013"]
[Source "ChessBase"]
[SourceDate "2012.11.12"]
[SourceVersion "1"]
[SourceVersionDate "2012.11.12"]
[SourceQuality "1"]

1. e4 c5 2. Nf3 Nf6 3. d4 d5 4. exd5 e6 5. Nc3 exd5 6. Be3 Nc6 7. Bb5 Bd7 8. Qe2 c4 9. 0-0-0 a6 10. Bxc6 Bxc6 11. h3 Bd6 12. g4 0-0 13. Ng5 h6 14. Nf3 Re8 15. Nh4 Bb4 16. Qd2 Ne4 17. Qe1 Qxh4 18. Bd2 Nxc3 19. Qf1 Nxd1 20. Kxd1 Bxd2 21. Kxd2 Re4 22. f3 Qg5+ 23. Kc3 Re3+ 24. Kb4 a5+ 25. Kc5 Qe7+ 26. Kb6 Ra6# 0-1

[Event "LSS ZL-2008-0-00406"]
[Site "LSS email"]
[Date "2008.08.18"]
[Round "?"]
[White "Bidgood, Lee"]
[Black "Schalkwijk, Peter H"]
[Result "1-0"]
[WhiteElo "1220"]
[BlackElo "1486"]
[PlyCount "27"]
[EventDate "2008.08.17"]
[EventType "match (corr)"]
[EventRounds "2"]
[EventCountry "GER"]
[SourceTitle "Corr 2013"]
[Source "ChessBase"]
[SourceDate "2012.11.12"]
[SourceVersion "1"]
[SourceVersionDate "2012.11.12"]
[SourceQuality "1"]

1. Nf3 d5 2. d4 Nf6 3. Nc3 c5 4. e3 Bg4 5. Bd3 Nbd7 6. 0-0 e5 7. dxe5 Nxe5 8. Re1 Bxf3 9. Bb5+ Nc6 10. Qxf3 Qd6 11. e4 0-0-0 12. Bf4 dxe4 13. Rxe4 Nd4 14. Qh3+ 1-0